| 000 | 00445nam a2200169 a 4500 | ||
|---|---|---|---|
| 005 | 20140310183230.0 | ||
| 008 | 040305s19uu xx 00 eng d | ||
| 020 | _a0373272065 | ||
| 050 |
_aPZ 7 _b.F374 2002 |
||
| 100 | _aFerrarella, Marie | ||
| 245 |
_aThe Disenchanted Duke / _cMarie Ferrarella. |
||
| 260 |
_aNew York : _bSilhoutte books, _c2002. |
||
| 300 |
_a251 p. : _c17cm. |
||
| 650 | _aFiction | ||
| 942 |
_cBK _2lcc |
||
| 999 |
_c20475 _d20475 |
||